| 000 | 00387cam a22001217a 4500 | ||
|---|---|---|---|
| 008 | 180718b1980 xxu||||| |||| 00| 0 eng d | ||
| 082 | _aA75 Ut8M | ||
| 245 |
_aUttar Pradesh district gazetteers: Mainpuri _cedited by Dangli Prasad Varun |
||
| 260 |
_aLucknow _bDepartment of District Gazetteers _c1980 |
||
| 300 | _a296p. | ||
| 650 | _aMainpuri - Gazetteers | ||
| 700 | _aVarun, Dangli Prasad | ||
| 999 |
_c486507 _d486507 |
||